000 00608cam a2200241 a 4500
001 546831
005 20180302085615.0
008 880128s1988 nyu b 001 0 eng
010 _a 88002228
020 _a0807728985 (hard)
020 _a0807728977 (pbk.)
040 _aDLC
_cDLC
_dDLC
041 _aeng
043 _an-us---
080 _a370.973 MAX
082 0 0 _a370.973 MAX
_219
100 1 _a25
101 _aEDU
245 1 4 _aThe dialectic of freedom /
_cMaxine Greene.
504 _aBibliography: p. 137-144.
906 _a7
_bcbc
_corignew
_d1
_eocip
_f19
_gy-gencatlg
942 _2ddc
_cBK
999 _c44093
_d44093